Particulars and conditions of sale of a capital and singularly eligible freehold estate, the property of a man of fashion, consisting of the manor of Silton, with courts leet and baron, royalties etc...[and] Baltington Manor Farm in Purbeck...which (by order of the proprietor) will be sold by auction by Mr Christie, at the sign of the Red Lion, Shaftesbury on Wednesday June the 8th 1791... (Record no. 116613)

MARC details
000 -LEADER
fixed length control field 00885cam a22001935a 4500
001 - CONTROL NUMBER
control field L141133
008 - FIXED-LENGTH DATA ELEMENTS--GENERAL INFORMATION
fixed length control field 071030s1791 xxk eng u
035 ## - SYSTEM CONTROL NUMBER
System control number (Sirsi) u141133
041 0# - LANGUAGE CODE
Language code of text/sound track or separate title eng
110 2# - MAIN ENTRY--CORPORATE NAME
Corporate name or jurisdiction name as entry element Christie's
9 (RLIN) 5424
245 00 - TITLE STATEMENT
Title Particulars and conditions of sale of a capital and singularly eligible freehold estate, the property of a man of fashion, consisting of the manor of Silton, with courts leet and baron, royalties etc...[and] Baltington Manor Farm in Purbeck...which (by order of the proprietor) will be sold by auction by Mr Christie, at the sign of the Red Lion, Shaftesbury on Wednesday June the 8th 1791...
260 ## - PUBLICATION, DISTRIBUTION, ETC.
Place of publication, distribution, etc. S.l.
Name of publisher, distributor, etc. s.n.
Date of publication, distribution, etc. [1791]
300 ## - PHYSICAL DESCRIPTION
Extent 2 leaves
Dimensions 39 x 25 cm.
340 ## - PHYSICAL MEDIUM
Material base and configuration Printed
351 ## - ORGANIZATION AND ARRANGEMENT OF MATERIALS
Hierarchical level Single item
651 4# - SUBJECT ADDED ENTRY--GEOGRAPHIC NAME
Geographic name Dorset
690 ## - LOCAL SUBJECT ADDED ENTRY--TOPICAL TERM (OCLC, RLIN)
Topical term or geographic name as entry element PROPERTY-PROPERTY ACQUISITION AND DISPOSAL-ACQUISITION AND DISPOSAL AT AUCTION
942 ## - ADDED ENTRY ELEMENTS (KOHA)
Suppress in OPAC 0
Holdings
Withdrawn status Lost status Source of classification or shelving scheme Damaged status Not for loan Home library Current library Shelving location Date acquired Total Checkouts Full call number Barcode Date last seen Copy number Price effective from Koha item type
    Dewey Decimal Classification     London London Basement 30/10/2007   BASEMENT BOX 5 141133-1001 06/08/2019 1 06/08/2019 Archive